Top 30 : Coldplay - Statistiques

Statistiques générales
  • Ce quiz a été pris 83 fois
  • Le résultat moyen est 15 sur 30
Statistiques - réponses
Top Titres Featuring % Correct
3 Viva La Vida
94%
2 Yellow
87%
4 The Scientist
84%
12 Clocks
77%
8 Paradise
76%
1 Something Just Like This The Chainsmokers
76%
7 Hymn for the Weekend Beyonce
71%
14 Hymn for the Weekend - Seeb Remix Beyonce, Seeb
71%
6 Fix You
66%
10 My Universe BTS
66%
11 Adventure of a Lifetime
65%
5 A Sky Full of Stars
65%
22 Princess of China Rihanna
58%
9 Sparks
50%
16 Trouble
47%
17 Higher Power
44%
24 Charlie Brown
40%
15 In My Place
40%
13 Magic
39%
25 Let Somebody Go Selena Gomez
35%
18 Speed of Sound
35%
28 feelslikeimfallinginlove
29%
19 Every Teardrop Is a Waterfall
27%
26 Don't Panic
26%
23 Up&Up
26%
21 Everglow
24%
27 Orphans
24%
30 Violet Hill
23%
29 A Head Full of Dreams
15%
20 Christmas Lights
5%
Aucun quiz correspondant
Distribution des résultats
% des personnes avec chaque résultat
Percentile par nombre de réponses
Votre historique - résultats
Vous n’avez pas pris ce quiz